[Event "Yerevan (ol)"]
[Site "?"]
[Date "1996.??.??"]
[Round "?"]
[White "Polgar, Judit"]
[Black "Short, N."]
[Result "0-1"]
[WhiteElo "2665"]
[BlackElo "2695"]
[PlyCount "78"]
[EventDate "1996.??.??"]
[Source "ChessBase"]
[SourceDate "1996.06.01"]

1. e4 e5 2. Nf3 Nc6 3. Bb5 a6 4. Ba4 Nf6 5. O-O Be7 6. Re1 d6 7. c3 Bg4 8. h3 Bh5 9. d4 b5 10. Bb3 Bxf3 11. Qxf3 exd4 12. Qd3 dxc3 13. Qxc3 Qd7 14. Bh6 b4 15. Qe3 gxh6 16. Ba4 Rb8 17. Nd2 Rb5 18. Bxb5 axb5 19. Nf3 Rg8 20. Kh1 Rg6 21. a4 bxa3 22. Rxa3 Nh5 23. Ra8+ Nd8 24. Nd4 Bg5 25. Qf3 Ng7 26. Rb8 Nge6 27. Nxb5 c6 28. Nc3 Qa7 29. Rb4 Rf6 30. Qd1 Rxf2 31. e5 d5 32. Qd3 Qc5 33. Rg4 Rxb2 34. h4 Rb3 35. hxg5 Rxc3 36. Qxh7 hxg5 37. Qg8+ Qf8 38. Qh7 Qa3 39. Qb1 Rh3+ 0-1

[Event "1/2 Coupe de France"]
[Site "Senat"]
[Date "2003.05.25"]
[Round "1"]
[White "Sokolov, Andrei"]
[Black "Adams, Michael"]
[Result "1/2-1/2"]
[WhiteElo "2563"]
[BlackElo "2723"]
[PlyCount "64"]
[EventDate "2003.05.25"]
[Source "Roberto Alvarez"]
[SourceDate "2003.06.30"]

1. e4 e5 2. Nf3 Nc6 3. Bb5 a6 4. Ba4 Nf6 5. O-O Be7 6. Re1 d6 7. c3 Bg4 8. d3 Nd7 9. h3 Bh5 10. Nbd2 Nc5 11. Bxc6+ bxc6 12. Nf1 O-O 13. Ng3 Bxf3 14. Qxf3 Ne6 15. Be3 c5 16. Rad1 Bf6 17. Nh5 Bg5 18. Qg3 h6 19. d4 exd4 20. cxd4 Bxe3 21. Rxe3 cxd4 22. Rxd4 Qg5 23. Rd5 Qxg3 24. Nxg3 Rfb8 25. Rd2 Rb5 26. Ne2 Rab8 27. b3 Rc5 28. f3 Kf8 29. Kf2 Rb6 30. Rc3 Rxc3 31. Nxc3 Rc6 32. Nd5 Rc1 1/2-1/2

[Event "Erevan ARM"]
[Site "Erevan ARM"]
[Date "1986.??.??"]
[Round "?"]
[White "Tal, Mikhail N"]
[Black "Petrosian, Tigran V"]
[Result "1-0"]
[WhiteElo "2600"]
[BlackElo "2675"]
[PlyCount "81"]
[EventDate "1986.??.??"]
[Source "www.chesslib.no"]
[SourceDate "2004.05.04"]

1. e4 e5 2. Nf3 Nc6 3. Bb5 a6 4. Ba4 Nf6 5. O-O Be7 6. Re1 d6 7. Bxc6+ bxc6 8. d4 exd4 9. Nxd4 Bd7 10. Nc3 O-O 11. Bf4 Rb8 12. Rb1 g6 13. Qd3 Qc8 14. Bg5 Re8 15. e5 Ng4 16. Bxe7 Rxe7 17. exd6 Rxe1+ 18. Rxe1 cxd6 19. Nb3 d5 20. h3 Nf6 21. Qd4 Qd8 22. Re2 Bf5 23. Qe5 Nd7 24. Qf4 Nf8 25. Nd4 Bd7 26. Qd6 Qb6 27. Nb3 Qb4 28. Qxb4 Rxb4 29. a3 Rc4 30. Nd2 Rc5 31. Re7 Kg7 32. Nf3 Kf6 33. Re3 Bf5 34. g4 Bd7 35. Nd2 Kg7 36. Rd3 d4 37. Rxd4 Re5 38. Nf3 Re8 39. Re4 Rb8 40. b3 Rb6 41. Ne5 1-0

[Event "Sweden"]
[Site "?"]
[Date "2001.??.??"]
[Round "4"]
[White "Winsnes Rikard"]
[Black "Sokolov Ivan"]
[Result "1/2-1/2"]
[WhiteElo "2537"]
[BlackElo "2670"]
[PlyCount "43"]
[EventDate "2001.??.??"]
[Source "www.chesslib.no"]
[SourceDate "2004.05.04"]

1. e4 e5 2. Nf3 Nc6 3. Bb5 a6 4. Ba4 Nf6 5. O-O Be7 6. Re1 d6 7. Bxc6+ bxc6 8. d4 exd4 9. Nxd4 Bd7 10. Qf3 O-O 11. Nc3 Re8 12. e5 dxe5 13. Nxc6 Bxc6 14. Qxc6 Qd6 15. Qc4 h6 16. h3 Qb6 17. Rxe5 Bd6 18. Rxe8+ Rxe8 19. Kf1 Re5 20. Qd3 Re6 21. Be3 Qxb2 22. Rb1 1/2-1/2

[Event "Interzonal"]
[Site "?"]
[Date "1983.??.??"]
[Round "?"]
[White "Romanishin, Oleg M"]
[Black "Petrosian, Tigran V"]
[Result "1-0"]
[WhiteElo "2585"]
[BlackElo "2605"]
[PlyCount "165"]
[EventDate "1983.??.??"]
[Source "www.chesslib.no"]
[SourceDate "2004.05.04"]

1. e4 e5 2. Nf3 Nc6 3. Bb5 a6 4. Ba4 Nf6 5. O-O Be7 6. Re1 d6 7. c3 Bg4 8. d3 O-O 9. Nbd2 Re8 10. h3 Bd7 11. d4 Bf8 12. a3 a5 13. Bc2 g6 14. d5 Nb8 15. b4 Nh5 16. Nc4 axb4 17. cxb4 Nf4 18. Kh2 Bg7 19. Rb1 b5 20. Ne3 Na6 21. Bb3 c6 22. dxc6 Bxc6 23. g3 Ne6 24. Nd5 Nac7 25. Be3 Rxa3 26. Bb6 Ra6 27. Ba5 Qd7 28. Rc1 Rb8 29. Re3 Ne8 30. Rec3 Kf8 31. R1c2 Ba8 32. Nc7 Rc6 33. Nxe6+ fxe6 34. Rxc6 Bxc6 35. Ng5 d5 36. Qf3+ Nf6 37. Nxh7+ Ke7 38. Nxf6 Bxf6 39. Qc3 Ba8 40. Qc5+ Kf7 41. exd5 Bxd5 42. Qc3 e4 43. Qd2 Rc8 44. Rxc8 Qxc8 45. Bxd5 Qd7 46. Bxe6+ Qxe6 47. h4 Be7 48. Bd8 e3 49. fxe3 Bxd8 50. Qxd8 Qa2+ 51. Kh3 Qe6+ 52. Kg2 Qe4+ 53. Kf2 Qf5+ 54. Ke1 Qb1+ 55. Ke2 Qxb4 56. Qd5+ Kf8 57. Kf3 Qb1 58. Qe4 Qd1+ 59. Kf4 Qd6+ 60. Qe5 Qb6 61. Qd4 Qc7+ 62. Kf3 Qc6+ 63. e4 Ke7 64. g4 Ke8 65. Qe5+ Kf8 66. g5 Qd7 67. Qh8+ Kf7 68. Qf6+ Kg8 69. Qxg6+ Kh8 70. Qf6+ Kg8 71. Ke3 Qa7+ 72. Qd4 Qa3+ 73. Kf4 Qf8+ 74. Qf6 Qb8+ 75. Qe5 Qf8+ 76. Kg4 b4 77. Qd5+ Qf7 78. Qd8+ Qf8 79. Qd7 b3 80. g6 Qf6 81. h5 b2 82. e5 b1=Q 83. Qd5+ 1-0

[Event "Yerevan (ol)"]
[Site "?"]
[Date "1996.??.??"]
[Round "?"]
[White "Leko, P."]
[Black "Christiansen, L."]
[Result "1/2-1/2"]
[WhiteElo "2630"]
[BlackElo "2555"]
[PlyCount "223"]
[EventDate "1996.??.??"]
[Source "ChessBase"]
[SourceDate "1996.06.01"]

1. e4 e5 2. Nf3 Nc6 3. Bb5 a6 4. Ba4 Nf6 5. O-O Be7 6. Re1 d6 7. Bxc6+ bxc6 8. d4 exd4 9. Nxd4 Bd7 10. Nc3 O-O 11. Qf3 Re8 12. b3 Bf8 13. Bg5 h6 14. Bh4 g5 15. Bg3 Bg4 16. Qd3 c5 17. Nc6 Qd7 18. Na5 Bg7 19. h3 Bh5 20. f3 Bg6 21. Rad1 Nh5 22. Bf2 Nf4 23. Qc4 Be5 24. Nd5 Nxh3+ 25. gxh3 Qxh3 26. f4 Qg4+ 27. Kf1 gxf4 28. Rd3 Bg7 29. Nc6 Kh7 30. Nde7 Qh5 31. Nxg6 fxg6 32. Kg2 Qg4+ 33. Kf1 Rf8 34. e5 Qh5 35. Qe4 f3 36. Qh4 Qxh4 37. Bxh4 c4 38. bxc4 Rf4 39. Rd4 Rxd4 40. Nxd4 dxe5 41. Nxf3 Rf8 42. Ke2 Rf4 43. Bg3 Rxc4 44. Kd3 Ra4 45. Bxe5 c5 46. Bxg7 Kxg7 47. Re7+ Kf6 48. Rc7 h5 49. Rxc5 h4 50. Ng5 Ra3+ 51. c3 Rxa2 52. Ke3 a5 53. Kf4 a4 54. Rc6+ Ke7 55. Nf3 h3 56. Kg3 Re2 57. Kxh3 a3 58. c4 Re4 59. Kg3 a2 60. Ra6 Rxc4 61. Rxa2 Kd6 62. Nh4 Rc1 63. Nxg6 Rg1+ 64. Kf2 Rb1 65. Rd2+ Ke6 66. Nf4+ Ke5 67. Nd3+ Kf5 68. Ke3 Ra1 69. Rh2 Ra3 70. Kd4 Ra4+ 71. Kd5 Ra5+ 72. Nc5 Rb5 73. Rf2+ Kg4 74. Kd4 Ra5 75. Ne6 Ra4+ 76. Ke5 Ra5+ 77. Ke4 Ra4+ 78. Nd4 Kg5 79. Rf5+ Kg6 80. Rd5 Kf6 81. Kf4 Ra6 82. Rd8 Rb6 83. Ra8 Rb1 84. Ra6+ Kf7 85. Nf3 Ke7 86. Ke4 Rc1 87. Kd5 Rd1+ 88. Ke5 Kd7 89. Nd4 Re1+ 90. Kd5 Ke7 91. Nc6+ Kf6 92. Nd4+ Kf7 93. Nf3 Rd1+ 94. Ke5 Ke7 95. Ra7+ Rd7 96. Ra1 Rc7 97. Ra5 Kf7 98. Kf5 Ke7 99. Nd4 Kd7 100. Ke5 Rc1 101. Rd5+ Kc7 102. Ne6+ Kb6 103. Kd6 Rc6+ 104. Kd7 Rc1 105. Nd4 Rb1 106. Kd6 Rb2 107. Rc5 Kb7 108. Kd7 Kb6 109. Rc6+ Kb7 110. Rd6 Rh2 111. Nf5 Rh7+ 112. Ne7 1/2-1/2

[Event "Buenos Aires"]
[Site "Buenos Aires"]
[Date "1980.??.??"]
[Round "?"]
[White "Ljubojevic, Ljubomir"]
[Black "Larsen, Bent"]
[Result "1-0"]
[WhiteElo "2590"]
[BlackElo "2585"]
[PlyCount "65"]
[EventDate "1980.10.??"]
[Source "ChessBase"]

1. e4 e5 2. Nf3 Nc6 3. Bb5 a6 4. Ba4 d6 5. c3 Nf6 6. d4 Bd7 7. Nbd2 Be7 8. O-O O-O 9. Re1 Kh8 10. a3 a5 11. Qc2 exd4 12. cxd4 d5 13. e5 Ng8 14. Nf1 Qe8 15. Bb3 Be6 16. Ne3 Qd7 17. Ba4 Rfb8 18. Bb5 Bf8 19. Bd2 Nge7 20. Ng5 g6 21. Nxe6 Qxe6 22. Bc3 Bh6 23. Rad1 b6 24. Qa4 Rf8 25. Bd2 Nb8 26. Nxd5 Bxd2 27. Nxc7 Qc8 28. Nxa8 Bxe1 29. Nxb6 Qb7 30. Nc4 Qe4 31. Nd6 Bxf2+ 32. Kxf2 Nbc6 33. d5 1-0

[Event "Torino Scaccomatto op"]
[Site "Torino"]
[Date "2000.11.23"]
[Round "6"]
[White "Ulibin, Mikhail"]
[Black "Romanishin, Oleg M"]
[Result "1/2-1/2"]
[WhiteElo "2583"]
[BlackElo "2591"]
[PlyCount "36"]
[EventDate "2000.11.18"]
[Source "ChessBase"]
[SourceDate "2001.01.11"]

1. e4 e5 2. Nf3 Nc6 3. Bb5 a6 4. Ba4 Nf6 5. O-O Be7 6. Re1 d6 7. Bxc6+ bxc6 8. d4 exd4 9. Nxd4 Bd7 10. c4 O-O 11. Nc3 Re8 12. Qf3 Qb8 13. b3 Qb6 14. Nf5 Bxf5 15. exf5 d5 16. Be3 Qa5 17. Bd4 c5 18. Be5 d4 1/2-1/2

[Event "Acropolis GM"]
[Site "Athens"]
[Date "2004.11.23"]
[Round "8"]
[White "Kotronias, Vasilios"]
[Black "Mastrovasilis, Dimitrios"]
[Result "1-0"]
[WhiteElo "2599"]
[BlackElo "2574"]
[PlyCount "131"]
[EventDate "2004.11.16"]
[Source "Roberto Alvarez"]
[SourceDate "2004.11.29"]

1. e4 e5 2. Nf3 Nc6 3. Bb5 a6 4. Ba4 Nf6 5. O-O Be7 6. Re1 d6 7. Bxc6+ bxc6 8. d4 exd4 9. Nxd4 Bd7 10. Nc3 O-O 11. Bf4 Re8 12. h3 h6 13. Qf3 Nh7 14. Rad1 Nf8 15. Bg3 Qb8 16. b3 Qb4 17. Nf5 Ng6 18. Re3 Bg5 19. Red3 Ne5 20. Bxe5 Rxe5 21. h4 Bd8 22. Nxd6 cxd6 23. Rxd6 Bxh4 24. Rxd7 Bf6 25. R1d6 Rc5 26. Rxf6 gxf6 27. Qxf6 Rf8 28. Rd3 Rg5 29. Qxh6 Rg6 30. Qh4 Kg7 31. Rh3 Rg8 32. Kf1 Qc5 33. f4 Kf8 34. Rd3 Kg7 35. Qf2 Qxf2+ 36. Kxf2 Kf6 37. g3 Ke7 38. Ne2 Rh8 39. Nd4 Rh1 40. Nf5+ Ke8 41. Ke3 Re1+ 42. Kd2 Rf1 43. Kc3 Rf2 44. b4 Rg8 45. Kb3 Rg2 46. a4 Rg6 47. c3 Re2 48. Rd4 a5 49. bxa5 c5 50. Rd5 Ra6 51. e5 Rxa5 52. Nd6+ Ke7 53. Nc4 Ra7 54. Rxc5 Rb7+ 55. Rb5 Rxb5+ 56. axb5 Kd7 57. Nb6+ Ke6 58. c4 Re3+ 59. Kb4 Rxg3 60. Nd5 Rg1 61. Kc5 Kd7 62. Kb6 Rd1 63. Nf6+ Kc8 64. c5 Rd4 65. f5 Rd2 66. Kc6 1-0

[Event "ESP-chT Div 1"]
[Site "Cala Galdana"]
[Date "1999.11.12"]
[Round "5"]
[White "Hernandez, Gilberto"]
[Black "Giorgadze, Giorgi"]
[Result "1/2-1/2"]
[WhiteElo "2568"]
[BlackElo "2602"]
[PlyCount "67"]
[EventDate "1999.11.08"]
[Source "www.chesslib.no"]
[SourceDate "2004.05.04"]

1. e4 e5 2. Nf3 Nc6 3. Bb5 a6 4. Ba4 Nf6 5. O-O Be7 6. Re1 d6 7. Bxc6+ bxc6 8. d4 exd4 9. Nxd4 Bd7 10. Nc3 O-O 11. Bf4 Re8 12. Qd3 Bf8 13. h3 g6 14. Rad1 Bg7 15. e5 Nd5 16. Nxd5 dxe5 17. Nxc7 Qxc7 18. Bg3 Qb6 19. Nb3 Bf5 20. Qe3 Qxe3 21. Rxe3 Bxc2 22. Rc1 Bf5 23. Rxc6 e4 24. Nc5 Bxb2 25. Nxa6 Bd4 26. Rb3 Ra7 27. Rb4 Rd7 28. Rd6 Rxd6 29. Bxd6 e3 30. Rxd4 e2 31. Bb4 e1=Q+ 32. Bxe1 Rxe1+ 33. Kh2 Re2 34. Kg3 1/2-1/2

[Event "URS-JUG"]
[Site "Erevan ARM"]
[Date "1971.??.??"]
[Round "?"]
[White "Ivkov, Borislav"]
[Black "Keres, Paul"]
[Result "1/2-1/2"]
[WhiteElo "2570"]
[BlackElo "2600"]
[PlyCount "35"]
[EventDate "1971.??.??"]
[Source "www.chesslib.no"]
[SourceDate "2004.05.04"]

1. e4 e5 2. Nf3 Nc6 3. Bb5 a6 4. Ba4 Nf6 5. O-O Be7 6. Re1 d6 7. c3 O-O 8. d3 Nd7 9. Nbd2 Nc5 10. Bc2 Ne6 11. Nf1 Bf6 12. Ng3 g6 13. Bh6 Bg7 14. Qd2 Qf6 15. Be3 Nf4 16. d4 Bh6 17. Bd1 Nd8 18. h3 1/2-1/2

[Event "It (Men) Dos Hermanas ESP"]
[Site "?"]
[Date "2005.04.04"]
[Round "4"]
[White "Cheparinov Ivan"]
[Black "Campora Daniel Hugo"]
[Result "1-0"]
[WhiteElo "2621"]
[BlackElo "2545"]
[PlyCount "43"]
[EventDate "2005.??.??"]
[Source "www.chesslib.no"]
[SourceDate "2004.05.04"]

1. e4 e5 2. Nf3 Nc6 3. Bb5 a6 4. Ba4 Nf6 5. O-O Be7 6. Re1 d6 7. c3 O-O 8. d4 b5 9. Bc2 Bg4 10. d5 Na5 11. h3 Bd7 12. Nbd2 c6 13. dxc6 Nxc6 14. Nf1 Qc7 15. Ng3 Rfe8 16. Nh4 g6 17. Bg5 Be6 18. Qf3 Kg7 19. Nhf5+ Bxf5 20. exf5 Nd7 21. fxg6 fxg6 22. Nh5+ 1-0

[Event "Boskovic mem"]
[Site "Belgrade"]
[Date "2000.10.10"]
[Round "7"]
[White "Xie Jun"]
[Black "Romanishin, Oleg M"]
[Result "1/2-1/2"]
[WhiteElo "2568"]
[BlackElo "2591"]
[PlyCount "47"]
[EventDate "2000.10.03"]
[Source "ChessBase"]
[SourceDate "2001.01.25"]

1. e4 e5 2. Nf3 Nc6 3. Bb5 a6 4. Ba4 Nf6 5. O-O Be7 6. Re1 d6 7. c3 O-O 8. h3 Nd7 9. d4 Bf6 10. d5 Ne7 11. c4 Ng6 12. Be3 Nb6 13. Bb3 Be7 14. Nbd2 a5 15. Bc2 c5 16. b3 Nh4 17. Nxh4 Bxh4 18. Nf3 Be7 19. Qe2 Bd7 20. a3 Qc7 21. Bd3 Rfc8 22. Rec1 Be8 23. Nd2 Nd7 24. g3 1/2-1/2

[Event "Espana"]
[Site "?"]
[Date "1996.??.??"]
[Round "?"]
[White "Arencibia, W."]
[Black "Giorgadze, G."]
[Result "1/2-1/2"]
[WhiteElo "2555"]
[BlackElo "2580"]
[PlyCount "43"]
[EventDate "1996.??.??"]
[Source "ChessBase"]
[SourceDate "1996.10.01"]

1. e4 e5 2. Nf3 Nc6 3. Bb5 a6 4. Ba4 Nf6 5. O-O Be7 6. Re1 d6 7. Bxc6+ bxc6 8. d4 exd4 9. Nxd4 Bd7 10. Qf3 O-O 11. Nc3 Re8 12. b3 Qc8 13. Bb2 Bf8 14. h3 c5 15. Nde2 Bc6 16. Nf4 a5 17. Ncd5 Bxd5 18. Bxf6 Bc6 19. Nh5 Kh8 20. Qc3 gxf6 21. Qxf6+ Kg8 22. Qg5+ 1/2-1/2

[Event "Almelo NED"]
[Site "?"]
[Date "2005.03.26"]
[Round "3"]
[White "Stellwagen Daniel"]
[Black "Timman Jan Hein"]
[Result "1/2-1/2"]
[WhiteElo "2524"]
[BlackElo "2607"]
[PlyCount "99"]
[EventDate "2005.??.??"]
[Source "www.chesslib.no"]
[SourceDate "2004.05.04"]

1. e4 e5 2. Nf3 Nc6 3. Bb5 a6 4. Ba4 Nf6 5. O-O Be7 6. Re1 d6 7. c3 Bg4 8. d3 Nd7 9. h3 Bxf3 10. Qxf3 O-O 11. Nd2 Nc5 12. Bxc6 bxc6 13. d4 exd4 14. cxd4 Ne6 15. d5 Nd4 16. Qd3 Bf6 17. Nc4 Qd7 18. Be3 cxd5 19. exd5 Qf5 20. Qxf5 Nxf5 21. g4 Nxe3 22. Rxe3 Rab8 23. Re2 Rfe8 24. Rae1 Rxe2 25. Rxe2 Kf8 26. b3 Rb5 27. Rd2 a5 28. Rd3 a4 29. Ne3 Rb4 30. Nc2 Rf4 31. Kg2 axb3 32. Rxb3 Rc4 33. Ne3 Re4 34. Rb8+ Re8 35. Rxe8+ Kxe8 36. Kf3 Kd7 37. Ke4 g6 38. Kd3 c6 39. dxc6+ Kxc6 40. Kc4 Bd8 41. Nd5 Kd7 42. Kb5 Ke6 43. Kc6 f5 44. f4 fxg4 45. hxg4 h5 46. f5+ gxf5 47. gxh5 Bg5 48. a4 f4 49. Nxf4+ Bxf4 50. a5 1/2-1/2

[Event "Carlos Torre op 11th"]
[Site "Merida"]
[Date "1998.12.20"]
[Round "6"]
[White "Hernandez, Gilberto"]
[Black "Christiansen, Larry Mark"]
[Result "1/2-1/2"]
[WhiteElo "2520"]
[BlackElo "2610"]
[PlyCount "31"]
[EventDate "1998.12.??"]
[Source "www.chesslib.no"]
[SourceDate "2004.05.04"]

1. e4 e5 2. Nf3 Nc6 3. Bb5 a6 4. Ba4 Nf6 5. O-O Be7 6. Re1 d6 7. c3 Bg4 8. d3 Nd7 9. Nbd2 Nc5 10. Bc2 Ne6 11. h3 Bh5 12. Nf1 Ng5 13. Bxg5 Bxg5 14. Ng3 Bxf3 15. Qxf3 g6 16. Rad1 1/2-1/2

[Event "IND Ch National A"]
[Site "?"]
[Date "2003.12.10"]
[Round "11"]
[White "Ganguly Surya Shekhar"]
[Black "Harikrishna Pendyala"]
[Result "1/2-1/2"]
[WhiteElo "2531"]
[BlackElo "2570"]
[PlyCount "30"]
[EventDate "2003.??.??"]
[Source "www.chesslib.no"]
[SourceDate "2004.05.04"]

1. e4 e5 2. Nf3 Nc6 3. Bb5 a6 4. Ba4 Nf6 5. O-O Be7 6. Re1 d6 7. Bxc6+ bxc6 8. d4 exd4 9. Nxd4 Bd7 10. Nc3 O-O 11. h3 Kh8 12. Bf4 Ng8 13. Qd2 c5 14. Nf3 Bc6 15. Rad1 Qb8 1/2-1/2